[Event "CZE-ch Youth B12 2022"]
[Site "Luhacovice"]
[Date "2022.03.15"]
[Round "5.10"]
[White "Mydlar, Matej"]
[Black "Knapek, Jan"]
[Result "1-0"]
[WhiteElo "1554"]
[BlackElo "1340"]
[Annotator "NA"]
[PlyCount "141"]
[EventDate "2022.03.12"]
[EventType "swiss"]
[EventCountry "CZE"]
[SourceTitle "playchess.com"]
[Source "ChessBase"]
[SourceQuality "1"]
[TimeControl "5400+30"]

1. e4 {[%emt 0:00:13]} c5 {[%emt 0:00:03]} 2. Nf3 {[%emt 0:01:25]} d6 {[%emt 0:00:08]} 3. d4 {[%emt 0:01:07]} cxd4 {[%emt 0:00:07]} 4. Nxd4 {[%emt 0:01:27]} Nf6 {[%emt 0:00:05]} 5. Nc3 {[%emt 0:02:04]} g6 {[%emt 0:00:32]} 6. Bg5 {[%emt 0:02:25]} Bg7 {[%emt 0:00:23]} 7. Bc4 {[%emt 0:02:59]} O-O {[%emt 0:02:13]} 8. Qd2 {[%emt 0:02:10]} Nc6 {[%emt 0:00:55]} 9. Nxc6 {[%emt 0:05:28]} bxc6 {[%emt 0:00:26]} 10. O-O {[%emt 0:03:52]} Bb7 {[%emt 0:02:13]} 11. Rad1 {[%emt 0:03:46]} Qc7 {[%emt 0:01:17]} 12. Bf4 {[%emt 0:09:09]} Rad8 {[%emt 0:03:13]} 13. Bb3 {[%emt 0:03:15]} Qd7 {[%emt 0:02:27]} 14. Qc1 {[%emt 0:07:11]} Qc8 {[%emt 0:01:46]} 15. e5 {[%emt 0:03:37]} dxe5 {[%emt 0:00:33]} 16. Bxe5 {[%emt 0:00:35]} Qf5 {[%emt 0:02:11]} 17. Bc7 {[%emt 0:02:49]} Rd7 {[%emt 0:01:08]} 18. Rxd7 {[%emt 0:02:13]} Qxd7 {[%emt 0:00:21]} 19. Bg3 {[%emt 0:00:12]} c5 {[%emt 0:01:56]} 20. Rd1 {[%emt 0:01:01]} Qc8 {[%emt 0:01:20]} 21. Bc4 {[%emt 0:02:45]} Rd8 {[%emt 0:00:31]} 22. f3 {[%emt 0:01:02]} Rxd1+ {[%emt 0:01:57]} 23. Qxd1 {[%emt 0:02:57]} Qd7 {[%emt 0:00:22]} 24. Qxd7 {[%emt 0:02:00]} Nxd7 {[%emt 0:00:07]} 25. Bd5 {[%emt 0:00:38]} Bxd5 {[%emt 0:02:13]} 26. Nxd5 {[%emt 0:00:12]} e6 {[%emt 0:00:07]} 27. Ne7+ {[%emt 0:00:51]} Kf8 {[%emt 0:00:44]} 28. Nc6 {[%emt 0:00:06]} c4 {[%emt 0:00:49]} 29. b3 {[%emt 0:03:13]} cxb3 {[%emt 0:00:15]} 30. axb3 {[%emt 0:00:33]} a6 {[%emt 0:00:40]} 31. Nb4 {[%emt 0:01:34]} a5 {[%emt 0:02:35]} 32. Nc6 {[%emt 0:02:51]} Ke8 {[%emt 0:02:53]} 33. Nxa5 {[%emt 0:00:21]} Kd8 {[%emt 0:00:22]} 34. Nc4 {[%emt 0:00:41]} Kc8 {[%emt 0:00:38]} 35. Nd6+ {[%emt 0:00:08]} Kb8 {[%emt 0:00:58]} 36. Nxf7+ {[%emt 0:00:37]} Kb7 {[%emt 0:00:35]} 37. Nd8+ Kb6 {[%emt 0:00:37]} 38. Bf2+ {[%emt 0:00:33]} Kb5 {[%emt 0:00:34]} 39. Nxe6 {[%emt 0:00:17]} Bc3 {[%emt 0:01:18]} 40. Ng5 {[%emt 0:00:56]} h6 {[%emt 0:00:20]} 41. Ne4 {[%emt 0:00:02]} Be5 {[%emt 0:00:38]} 42. Be1 {[%emt 0:00:23]} Nb6 {[%emt 0:01:15]} 43. Bd2 {[%emt 0:01:18]} g5 {[%emt 0:00:29]} 44. c4+ {[%emt 0:00:59]} Kc6 {[%emt 0:00:46]} 45. Kf2 {[%emt 0:00:39]} Nc8 {[%emt 0:00:47]} 46. b4 {[%emt 0:04:20]} Ne7 {[%emt 0:00:49]} 47. b5+ {[%emt 0:00:14]} Kb7 {[%emt 0:01:10]} 48. Nc5+ {[%emt 0:00:57]} Kc8 {[%emt 0:00:58]} 49. Nd3 {[%emt 0:02:10]} Bc7 {[%emt 0:01:07]} 50. c5 {[%emt 0:00:56]} Bxh2 {[%emt 0:01:14]} 51. Nb2 {[%emt 0:01:45]} Nf5 {[%emt 0:00:34]} 52. Nc4 {[%emt 0:02:14]} Bg3+ {[%emt 0:00:39]} 53. Kg1 {[%emt 0:01:04]} Nd4 {[%emt 0:00:48]} 54. b6 {[%emt 0:02:13]} Kb7 {[%emt 0:01:40]} 55. Be3 {[%emt 0:04:47]} Nc6 {[%emt 0:00:58]} 56. Bf2 {[%emt 0:00:33]} Bf4 {[%emt 0:00:49]} 57. g3 {[%emt 0:00:20]} Ne5 {[%emt 0:00:54]} 58. Nd6+ {[%emt 0:01:22]} Kc6 {[%emt 0:00:31]} 59. gxf4 {[%emt 0:00:00]} gxf4 {[%emt 0:00:26]} 60. Kg2 {[%emt 0:00:00]} h5 {[%emt 0:00:51]} 61. Bd4 {[%emt 0:00:00]} Nd3 {[%emt 0:00:57]} 62. Nc4 {[%emt 0:00:00]} Ne1+ {[%emt 0:00:47]} 63. Kf1 {[%emt 0:00:01]} h4 {[%emt 0:00:46]} 64. Kxe1 {[%emt 0:00:10]} h3 {[%emt 0:00:44]} 65. Bg1 {[%emt 0:00:06]} Kb7 {[%emt 0:00:38]} 66. Nd6+ Kb8 {[%emt 0:00:20]} 67. c6 {[%emt 0:00:18]} h2 {[%emt 0:00:47]} 68. Bxh2 {[%emt 0:00:07]} Ka8 {[%emt 0:00:06]} 69. Bxf4 {[%emt 0:00:16]} Kb8 {[%emt 0:00:39]} 70. Nf7+ {[%emt 0:00:15]} Kc8 {[%emt 0:00:32]} 71. b7# {[%emt 0:00:07]} 1-0

[Event "CZE-ch Youth B12 2022"]
[Site "Luhacovice"]
[Date "2022.03.15"]
[Round "5.11"]
[White "Tejnor, Martin"]
[Black "Ruzicka, Oto"]
[Result "1/2-1/2"]
[WhiteElo "1367"]
[BlackElo "1233"]
[Annotator "NA"]
[PlyCount "98"]
[EventDate "2022.03.12"]
[EventType "swiss"]
[EventCountry "CZE"]
[SourceTitle "playchess.com"]
[Source "ChessBase"]
[SourceQuality "1"]
[TimeControl "5400+30"]

1. e4 {[%emt 0:00:01]} e5 {[%emt 0:00:07]} 2. Nf3 {[%emt 0:00:03]} Nc6 {[%emt 0:00:23]} 3. d4 {[%emt 0:00:06]} exd4 {[%emt 0:00:14]} 4. Nxd4 {[%emt 0:00:04]} Nf6 {[%emt 0:00:24]} 5. Nc3 {[%emt 0:00:46]} Bb4 {[%emt 0:00:33]} 6. Bg5 {[%emt 0:00:13]} O-O {[%emt 0:01:18]} 7. Bc4 {[%emt 0:00:38]} Re8 {[%emt 0:06:03]} 8. f3 {[%emt 0:00:48]} d5 {[%emt 0:02:42]} 9. Nxc6 {[%emt 0:03:38]} bxc6 {[%emt 0:00:59]} 10. Bd3 {[%emt 0:03:44]} h6 {[%emt 0:05:48]} 11. Bxf6 {[%emt 0:01:12]} Qxf6 {[%emt 0:01:23]} 12. O-O {[%emt 0:00:15]} Bb7 {[%emt 0:03:17]} 13. Ne2 {[%emt 0:07:05]} Rad8 {[%emt 0:03:45]} 14. Ng3 {[%emt 0:00:40]} Rd7 {[%emt 0:04:57]} 15. c3 {[%emt 0:00:49]} Bc5+ {[%emt 0:01:59]} 16. Kh1 {[%emt 0:00:14]} Red8 {[%emt 0:01:25]} 17. Qc2 {[%emt 0:00:40]} a6 {[%emt 0:02:19]} 18. Rad1 {[%emt 0:00:41]} Ba7 {[%emt 0:02:11]} 19. Rfe1 {[%emt 0:01:51]} Re7 {[%emt 0:09:54]} 20. Re2 {[%emt 0:04:32]} c5 {[%emt 0:06:09]} 21. exd5 {[%emt 0:02:37]} Rxe2 {[%emt 0:04:05]} 22. Qxe2 {[%emt 0:00:45]} Bxd5 {[%emt 0:01:37]} 23. Re1 {[%emt 0:03:25]} Be6 {[%emt 0:03:17]} 24. Ne4 {[%emt 0:00:18]} Qe7 {[%emt 0:01:52]} 25. Bxa6 {[%emt 0:01:06]} Bb6 {[%emt 0:06:02]} 26. Bc4 {[%emt 0:00:18]} Bxc4 {[%emt 0:03:17]} 27. Qxc4 {[%emt 0:00:11]} Kh8 {[%emt 0:01:05]} 28. Qe2 {[%emt 0:02:22]} c4 {[%emt 0:01:44]} 29. Rd1 {[%emt 0:04:18]} Rxd1+ {[%emt 0:02:12]} 30. Qxd1 {[%emt 0:00:11]} Qe6 {[%emt 0:00:34]} 31. Qe2 {[%emt 0:04:22]} Ba7 {[%emt 0:03:31]} 32. Ng3 {[%emt 0:01:53]} Qb6 {[%emt 0:02:13]} 33. Qe8+ {[%emt 0:01:35]} Kh7 {[%emt 0:00:34]} 34. Qe4+ {[%emt 0:00:02]} g6 {[%emt 0:01:05]} 35. Qb1 {[%emt 0:00:14]} Qe3 {[%emt 0:02:01]} 36. Ne4 {[%emt 0:03:02]} Kg7 {[%emt 0:00:27]} 37. Qd1 {[%emt 0:01:23]} Qb6 {[%emt 0:01:15]} 38. Qc1 {[%emt 0:02:02]} h5 {[%emt 0:02:38]} 39. h3 {[%emt 0:03:03]} c6 {[%emt 0:01:30]} 40. Kh2 {[%emt 0:04:41]} Bb8+ {[%emt 0:01:22]} 41. f4 {[%emt 0:02:36]} f5 {[%emt 0:01:42]} 42. Ng5 {[%emt 0:00:58]} Qf2 {[%emt 0:01:05]} 43. Nf3 {[%emt 0:01:43]} h4 {[%emt 0:01:03]} 44. Kh1 {[%emt 0:00:39]} Qg3 {[%emt 0:00:55]} 45. Qd1 {[%emt 0:01:23]} Bxf4 {[%emt 0:00:46]} 46. Qd7+ {[%emt 0:00:15]} Kh6 {[%emt 0:00:11]} 47. Qe8 {[%emt 0:01:45]} Kg7 {[%emt 0:01:33]} 48. Qe7+ {[%emt 0:05:27]} Kh6 {[%emt 0:01:41]} 49. Qe8 {[%emt 0:00:13]} Kg7 {[%emt 0:00:22]} 1/2-1/2

[Event "CZE-ch Youth B12 2022"]
[Site "Luhacovice"]
[Date "2022.03.15"]
[Round "5.12"]
[White "Letal, Hynek"]
[Black "Topencik, Bruno"]
[Result "1/2-1/2"]
[WhiteElo "1371"]
[BlackElo "1339"]
[Annotator "NA"]
[PlyCount "81"]
[EventDate "2022.03.12"]
[EventType "swiss"]
[EventCountry "CZE"]
[SourceTitle "playchess.com"]
[Source "ChessBase"]
[SourceQuality "1"]
[TimeControl "5400+30"]

1. e4 {[%emt 0:00:04]} e5 {[%emt 0:00:06]} 2. Nf3 {[%emt 0:00:10]} Nf6 {[%emt 0:00:14]} 3. Nc3 {[%emt 0:00:24]} Nc6 {[%emt 0:00:08]} 4. Bb5 {[%emt 0:00:26]} d6 {[%emt 0:00:44]} 5. d3 {[%emt 0:00:34]} Be7 {[%emt 0:00:56]} 6. h3 {[%emt 0:00:59]} h6 {[%emt 0:01:28]} 7. O-O {[%emt 0:02:35]} a6 {[%emt 0:02:15]} 8. Ba4 {[%emt 0:01:08]} O-O {[%emt 0:00:54]} 9. Be3 {[%emt 0:00:48]} Be6 {[%emt 0:01:55]} 10. Qd2 {[%emt 0:02:35]} Rb8 {[%emt 0:03:03]} 11. Rfe1 {[%emt 0:03:22]} b5 {[%emt 0:03:20]} 12. Bb3 {[%emt 0:00:38]} Re8 {[%emt 0:01:14]} 13. Nh2 {[%emt 0:04:00]} Nd4 {[%emt 0:03:39]} 14. f4 {[%emt 0:04:34]} c5 {[%emt 0:01:53]} 15. fxe5 {[%emt 0:03:16]} dxe5 {[%emt 0:00:20]} 16. Bxe6 {[%emt 0:01:43]} fxe6 {[%emt 0:01:15]} 17. Ne2 {[%emt 0:02:22]} Rf8 {[%emt 0:01:46]} 18. c3 {[%emt 0:02:43]} Nxe2+ {[%emt 0:02:21]} 19. Qxe2 {[%emt 0:03:22]} Qc7 {[%emt 0:02:35]} 20. Rec1 {[%emt 0:01:37]} c4 {[%emt 0:01:54]} 21. a4 {[%emt 0:03:56]} cxd3 {[%emt 0:02:03]} 22. Qxd3 {[%emt 0:01:07]} Qc4 {[%emt 0:00:47]} 23. Qxc4 {[%emt 0:08:59]} bxc4 {[%emt 0:00:21]} 24. Nf3 {[%emt 0:02:23]} Nxe4 {[%emt 0:06:22]} 25. Nxe5 {[%emt 0:01:27]} Rxb2 {[%emt 0:00:58]} 26. Nxc4 {[%emt 0:00:34]} Rb3 {[%emt 0:02:08]} 27. Bd4 {[%emt 0:01:28]} Bf6 {[%emt 0:03:17]} 28. Na5 {[%emt 0:02:40]} Bxd4+ {[%emt 0:02:15]} 29. cxd4 {[%emt 0:00:18]} Rd3 {[%emt 0:08:10]} 30. Rd1 {[%emt 0:02:55]} Rxd1+ {[%emt 0:06:06]} 31. Rxd1 {[%emt 0:00:09]} Rd8 {[%emt 0:00:27]} 32. Nc6 {[%emt 0:01:13]} Rd6 {[%emt 0:01:43]} 33. Rc1 {[%emt 0:09:43]} Kf8 {[%emt 0:03:13]} 34. Kf1 {[%emt 0:02:28]} Ng3+ {[%emt 0:04:10]} 35. Kf2 {[%emt 0:01:47]} Nf5 {[%emt 0:00:14]} 36. Rc4 {[%emt 0:03:59]} Ke8 {[%emt 0:01:57]} 37. g4 {[%emt 0:01:25]} Ne7 {[%emt 0:00:33]} 38. Ne5 {[%emt 0:02:23]} Nd5 {[%emt 0:01:51]} 39. Kf3 {[%emt 0:00:51]} Nb6 {[%emt 0:02:34]} 40. Rb4 {[%emt 0:03:16]} Nd7 {[%emt 0:01:21]} 41. Nxd7 {[%emt 0:01:07]} 1/2-1/2

[Event "CZE-ch Youth B12 2022"]
[Site "Luhacovice"]
[Date "2022.03.16"]
[Round "6.1"]
[White "Popov, Roman"]
[Black "Mikulka, Martin Michael"]
[Result "1-0"]
[WhiteElo "2353"]
[BlackElo "1406"]
[Annotator "TA"]
[PlyCount "79"]
[EventDate "2022.03.12"]
[EventType "swiss"]
[EventCountry "CZE"]
[SourceTitle "playchess.com"]
[Source "ChessBase"]
[SourceQuality "1"]

{[%evp 15,79,71,89,75,84,62,89,66,106,68,106,104,102,107,108,42,106,100,123,119,138,49,176,173,171,175,921,911,1020,975,991,984,949,686,670,668,664,664,687,662,1167,1202,1227,1191,1200,1183,1179,1095,5602,3531,2518,2490,2100,1286,1918,1726,29989,29990,29990,29991,29991,29992,29992,29993,29993,1057]} 1. Nf3 Nf6 2. c4 g6 3. Nc3 Bg7 4. e4 d6 5. d4 O-O 6. Be2 c5 7. d5 Nbd7 8. O-O b6 9. Qc2 {E91: King's Indian: Classical: 6 Be2, unusual replies including 6...c5 and 6...Bg4.} Ne8 {[#]} 10. Be3 $146 ({Predecessor:} 10. Bg5 h6 11. Be3 Ne5 12. Nxe5 dxe5 13. f4 exf4 14. Bxf4 g5 15. Bg3 Bd4+ 16. Kh1 a6 {1-0 (41) Puth,D (2300)-Muellen,A (2180) Heimbach Weis 1997}) 10... Nc7 11. a3 {White is better.} a5 12. Rab1 {White is more active.} (12. Rad1 {looks sharper.} Rb8 13. Qd2 Ba6 14. a4 Bb7 15. h3) 12... Ne5 13. Nxe5 Bxe5 14. f4 {[%cal Bf2f4,Bf4f5,Bf5f6][%mdl 32]} Bg7 15. Bd3 ({White should play} 15. f5 $16) 15... Ba6 (15... f5 $14) 16. Rf3 $16 Qd7 17. a4 {To avoid b5} Bb7 18. Qd2 (18. f5 $16) 18... Na6 {Loses the game.} (18... f5 $1 $14) 19. f5 $18 Nb4 20. Bh6 e5 $2 (20... Nxd3 21. Bxg7 Kxg7) 21. Bxg7 {[#] aiming for Bf6.} Kxg7 22. f6+ ({Not} 22. Rh3 h5 23. Rxh5 Rh8 $18) 22... Kh8 23. Qh6 {[%csl Gf6][%cal Rh6g7]} Rg8 {Inhibits Qg7+.} 24. Rh3 Qxh3 25. Qxh3 {[%cal Oh3d7] [#] Black must now prevent Qd7!} ({Weaker is} 25. gxh3 Nxd3 26. h4 Ba6 $16) 25... Bc8 {To avoid Qd7} 26. Qe3 Nxd3 27. Qxd3 {Threatens to win with Nb5.} h5 28. Nb5 Rd8 29. h3 Ba6 30. g4 Bxb5 31. axb5 h4 32. Qe3 {Threatening mate with Qh6+.} Kh7 {To avoid Qh6+} 33. Qg5 Rh8 34. Qxh4+ Kg8 35. Qg5 {White wants to mate with h4.} Rxh3 36. Kg2 {White mates.} Rh7 37. Rh1 Rxh1 38. Kxh1 Kf8 39. Qh6+ Ke8 40. Qh8+ {Weighted Error Value: White=0.33/Black=0.35} 1-0

[Event "CZE-ch Youth B12 2022"]
[Site "Luhacovice"]
[Date "2022.03.16"]
[Round "6.2"]
[White "Roubal, Matyas"]
[Black "Delgerdalai, Bayarjavkhlan"]
[Result "1/2-1/2"]
[WhiteElo "1870"]
[BlackElo "2074"]
[Annotator "ChessBase"]
[PlyCount "91"]
[EventDate "2022.03.12"]
[EventType "swiss"]
[EventCountry "CZE"]
[SourceTitle "playchess.com"]
[Source "ChessBase"]
[SourceQuality "1"]
[TimeControl "5400+30"]

1. e4 {[%emt 0:00:07]} c5 {[%emt 0:00:07]} 2. Nf3 {[%emt 0:00:09]} d6 {[%emt 0:00:08]} 3. Bb5+ {[%emt 0:00:25]} Bd7 {[%emt 0:00:06]} 4. Bxd7+ {[%emt 0:00:06]} Nxd7 {[%emt 0:00:02]} 5. O-O {[%emt 0:00:44]} Ngf6 {[%emt 0:00:18]} 6. Qe2 {[%emt 0:01:54]} e6 {[%emt 0:01:28]} 7. d4 {[%emt 0:01:00]} Be7 {[%emt 0:02:37]} 8. c4 {[%emt 0:03:34]} cxd4 {[%emt 0:02:57]} 9. Nxd4 {[%emt 0:00:07]} O-O {[%emt 0:00:32]} 10. Nc3 {[%emt 0:03:38]} Rc8 {[%emt 0:02:10]} 11. b3 {[%emt 0:01:54]} a6 {[%emt 0:02:24]} 12. Bb2 {[%emt 0:00:18]} Qa5 {[%emt 0:01:34]} 13. Rad1 {[%emt 0:08:27]} Rfe8 {[%emt 0:10:28]} 14. f4 {[%emt 0:10:23]} Bf8 {[%emt 0:07:01]} 15. Nf3 {[%emt 0:02:58]} Ng4 {[%emt 0:15:24]} 16. Kh1 {[%emt 0:14:12]} f5 {[%emt 0:12:38]} 17. h3 {[%emt 0:06:45]} Nh6 {[%emt 0:05:34]} 18. Ng5 {[%emt 0:13:41]} Nc5 {[%emt 0:04:07]} 19. e5 {[%emt 0:05:11]} Qc7 {[%emt 0:01:46]} 20. Rfe1 {[%emt 0:05:42]} Nf7 {[%emt 0:04:33]} 21. Nxf7 {[%emt 0:00:35]} Kxf7 {[%emt 0:00:25]} 22. g3 {[%emt 0:02:27]} dxe5 {[%emt 0:02:59]} 23. fxe5 {[%emt 0:00:50]} Qc6+ {[%emt 0:01:20]} 24. Kh2 {[%emt 0:00:11]} g6 {[%emt 0:01:58]} 25. Bc1 {[%emt 0:01:16]} Rcd8 {[%emt 0:01:01]} 26. Bg5 {[%emt 0:00:36]} Rxd1 {[%emt 0:00:35]} 27. Rxd1 {[%emt 0:00:04]} h6 {[%emt 0:00:22]} 28. Bc1 {[%emt 0:00:49]} Qc7 {[%emt 0:01:26]} 29. Bf4 {[%emt 0:01:56]} Rd8 {[%emt 0:00:46]} 30. h4 {[%emt 0:01:17]} Rxd1 {[%emt 0:00:24]} 31. Nxd1 {[%emt 0:00:32]} Qd7 {[%emt 0:00:53]} 32. Nf2 {[%emt 0:00:58]} Qd4 {[%emt 0:00:50]} 33. Qd2 {[%emt 0:00:52]} Qxd2 {[%emt 0:01:03]} 34. Bxd2 {[%emt 0:00:04]} Nd7 {[%emt 0:00:58]} 35. Nd3 {[%emt 0:00:08]} Bg7 {[%emt 0:00:23]} 36. Bc3 {[%emt 0:00:05]} g5 {[%emt 0:01:00]} 37. hxg5 {[%emt 0:00:23]} hxg5 {[%emt 0:00:01]} 38. Kg2 {[%emt 0:00:07]} Ke8 {[%emt 0:00:25]} 39. Kf3 {[%emt 0:00:39]} Kd8 {[%emt 0:01:16]} 40. Ke3 {[%emt 0:00:10]} Kc7 {[%emt 0:00:15]} 41. Kd4 {[%emt 0:00:04]} b6 {[%emt 0:01:39]} 42. Bd2 {[%emt 0:00:11]} Nc5 {[%emt 0:02:11]} 43. Nf2 {[%emt 0:03:47]} Nd7 {[%emt 0:00:45]} 44. Nd3 {[%emt 0:00:04]} Nc5 {[%emt 0:00:44]} 45. Nf2 {[%emt 0:00:45]} Nd7 {[%emt 0:02:17]} 46. Nd3 {[%emt 0:00:06]} 1/2-1/2

[Event "CZE-ch Youth B12 2022"]
[Site "Luhacovice"]
[Date "2022.03.16"]
[Round "6.3"]
[White "Martirosyan, David"]
[Black "Stary, Vojtech"]
[Result "0-1"]
[WhiteElo "1725"]
[BlackElo "1640"]
[Annotator "NA"]
[PlyCount "128"]
[EventDate "2022.03.12"]
[EventType "swiss"]
[EventCountry "CZE"]
[SourceTitle "playchess.com"]
[Source "ChessBase"]
[SourceQuality "1"]
[TimeControl "5400+30"]

1. d4 {[%emt 0:00:20]} Nf6 {[%emt 0:00:07]} 2. Nf3 {[%emt 0:00:24]} g6 {[%emt 0:00:09]} 3. c4 {[%emt 0:00:52]} Bg7 {[%emt 0:00:07]} 4. Nc3 {[%emt 0:00:30]} O-O {[%emt 0:00:12]} 5. Bg5 {[%emt 0:00:41]} d6 {[%emt 0:00:14]} 6. e3 {[%emt 0:00:20]} Nbd7 {[%emt 0:00:12]} 7. Be2 {[%emt 0:00:16]} c5 {[%emt 0:01:32]} 8. O-O {[%emt 0:00:26]} Rb8 {[%emt 0:08:10]} 9. h3 {[%emt 0:02:51]} h6 {[%emt 0:03:01]} 10. Bh4 {[%emt 0:00:07]} a6 {[%emt 0:01:58]} 11. Qc2 {[%emt 0:04:28]} Nh7 {[%emt 0:03:04]} 12. Rfd1 {[%emt 0:04:42]} f5 {[%emt 0:04:28]} 13. Rac1 {[%emt 0:12:53]} Nhf6 {[%emt 0:08:20]} 14. Bg3 {[%emt 0:03:10]} b6 {[%emt 0:06:06]} 15. d5 {[%emt 0:04:18]} Ne8 {[%emt 0:02:51]} 16. Bd3 {[%emt 0:08:34]} Nc7 {[%emt 0:03:29]} 17. a4 {[%emt 0:01:58]} a5 {[%emt 0:05:44]} 18. Qd2 {[%emt 0:13:29]} Na6 {[%emt 0:00:49]} 19. e4 {[%emt 0:01:27]} Nb4 {[%emt 0:06:59]} 20. Bb1 {[%emt 0:00:30]} Ne5 {[%emt 0:04:33]} 21. Nxe5 {[%emt 0:07:14]} dxe5 {[%emt 0:01:48]} 22. f4 {[%emt 0:01:56]} g5 {[%emt 0:10:46]} 23. fxg5 {[%emt 0:07:21]} f4 {[%emt 0:00:38]} 24. Bh4 {[%emt 0:01:48]} hxg5 {[%emt 0:09:04]} 25. Bxg5 {[%emt 0:00:22]} Bf6 {[%emt 0:00:45]} 26. Bxf6 {[%emt 0:04:50]} Rxf6 {[%emt 0:00:38]} 27. Rf1 {[%emt 0:01:01]} Rg6 {[%emt 0:01:30]} 28. Rf3 {[%emt 0:01:33]} Qf8 {[%emt 0:01:15]} 29. Qf2 {[%emt 0:01:36]} Qh6 {[%emt 0:00:44]} 30. Kf1 {[%emt 0:00:41]} Ba6 {[%emt 0:01:00]} 31. b3 {[%emt 0:02:26]} Rf8 {[%emt 0:01:03]} 32. Ne2 {[%emt 0:01:05]} Rf7 {[%emt 0:00:41]} 33. Rcc3 {[%emt 0:01:04]} Rfg7 {[%emt 0:00:55]} 34. g4 {[%emt 0:03:36]} fxg3 {[%emt 0:01:43]} 35. Rxg3 {[%emt 0:00:11]} Rxg3 {[%emt 0:00:22]} 36. Rxg3 {[%emt 0:00:19]} Bc8 {[%emt 0:00:32]} 37. h4 {[%emt 0:02:00]} Rxg3 {[%emt 0:00:37]} 38. Qxg3+ {[%emt 0:00:24]} Kh7 {[%emt 0:00:20]} 39. Qxe5 {[%emt 0:03:00]} Qxh4 {[%emt 0:00:46]} 40. Qg3 {[%emt 0:01:10]} Qf6+ {[%emt 0:02:35]} 41. Ke1 {[%emt 0:01:46]} Qa1 {[%emt 0:00:47]} 42. Nc3 {[%emt 0:00:43]} Nc2+ {[%emt 0:01:31]} 43. Kd2 {[%emt 0:00:56]} Na3 {[%emt 0:00:30]} 44. Qe1 {[%emt 0:00:22]} Qb2+ {[%emt 0:00:24]} 45. Kd3 {[%emt 0:01:27]} Qxb3 {[%emt 0:01:11]} 46. Qc1 {[%emt 0:00:44]} Qxc4+ {[%emt 0:00:21]} 47. Ke3 {[%emt 0:00:46]} Qd4+ {[%emt 0:00:08]} 48. Kf3 {[%emt 0:00:46]} Qf6+ {[%emt 0:00:22]} 49. Kg2 {[%emt 0:01:00]} Qg6+ {[%emt 0:00:16]} 50. Kf3 {[%emt 0:00:16]} Qg4+ {[%emt 0:00:16]} 51. Kf2 {[%emt 0:00:21]} Qh4+ {[%emt 0:00:14]} 52. Ke2 {[%emt 0:00:41]} Bg4+ {[%emt 0:00:24]} 53. Kd3 {[%emt 0:00:25]} Qg3+ {[%emt 0:00:50]} 54. Qe3 {[%emt 0:00:22]} c4+ {[%emt 0:00:30]} 55. Kd4 {[%emt 0:00:48]} e5+ {[%emt 0:00:40]} 56. dxe6 {[%emt 0:00:30]} Qd6+ {[%emt 0:00:50]} 57. Nd5 {[%emt 0:00:08]} Nxb1 {[%emt 0:01:44]} 58. e5 {[%emt 0:00:43]} Qc5+ {[%emt 0:00:34]} 59. Ke4 {[%emt 0:00:10]} Qxe3+ {[%emt 0:00:17]} 60. Kxe3 {[%emt 0:01:07]} Bxe6 {[%emt 0:00:38]} 61. Nxb6 {[%emt 0:00:26]} Kg6 {[%emt 0:01:17]} 62. Kd4 {[%emt 0:00:38]} c3 {[%emt 0:00:51]} 63. Kd3 {[%emt 0:00:28]} Bf5+ {[%emt 0:00:16]} 64. Ke2 {[%emt 0:00:32]} c2 {[%emt 0:00:12]} 0-1

[Event "CZE-ch Youth B12 2022"]
[Site "Luhacovice"]
[Date "2022.03.16"]
[Round "6.4"]
[White "Kroulik, Vaclav"]
[Black "Vana, Jan"]
[Result "0-1"]
[WhiteElo "1645"]
[BlackElo "1609"]
[Annotator "NA"]
[PlyCount "74"]
[EventDate "2022.03.12"]
[EventType "swiss"]
[EventCountry "CZE"]
[SourceTitle "playchess.com"]
[Source "ChessBase"]
[SourceQuality "1"]
[TimeControl "5400+30"]

1. e4 {[%emt 0:00:02]} c5 {[%emt 0:00:06]} 2. Nf3 {[%emt 0:00:05]} Nc6 {[%emt 0:00:08]} 3. d4 {[%emt 0:00:08]} cxd4 {[%emt 0:00:04]} 4. Nxd4 {[%emt 0:00:07]} g6 {[%emt 0:00:39]} 5. Nc3 {[%emt 0:00:17]} Bg7 {[%emt 0:00:14]} 6. Be3 {[%emt 0:00:06]} Nf6 {[%emt 0:00:16]} 7. Bc4 {[%emt 0:03:39]} O-O {[%emt 0:03:30]} 8. f3 {[%emt 0:02:46]} Qb6 {[%emt 0:06:13]} 9. Qd2 {[%emt 0:03:46]} Nxe4 {[%emt 0:03:55]} 10. Nxc6 {[%emt 0:22:41]} Qxc6 {[%emt 0:04:02]} 11. Nxe4 {[%emt 0:01:46]} Qxc4 {[%emt 0:00:33]} 12. c3 {[%emt 0:01:18]} d5 {[%emt 0:03:47]} 13. Ng3 {[%emt 0:01:51]} e5 {[%emt 0:06:04]} 14. Ne2 {[%emt 0:02:23]} Be6 {[%emt 0:07:29]} 15. O-O {[%emt 0:01:40]} Rfd8 {[%emt 0:02:40]} 16. Rfd1 {[%emt 0:02:13]} b5 {[%emt 0:05:43]} 17. b3 {[%emt 0:02:10]} Qc7 {[%emt 0:03:26]} 18. h4 {[%emt 0:04:19]} Rac8 {[%emt 0:09:17]} 19. Rac1 {[%emt 0:00:54]} Qe7 {[%emt 0:03:22]} 20. h5 gxh5 {[%emt 0:03:54]} 21. Bh6 {[%emt 0:11:00]} f6 {[%emt 0:04:02]} 22. Ng3 {[%emt 0:02:23]} Bxh6 {[%emt 0:06:29]} 23. Qxh6 {[%emt 0:00:17]} Qg7 {[%emt 0:00:08]} 24. Qxg7+ {[%emt 0:00:37]} Kxg7 {[%emt 0:00:02]} 25. Nxh5+ {[%emt 0:00:36]} Kg6 {[%emt 0:00:34]} 26. Ng3 {[%emt 0:00:11]} Rc6 {[%emt 0:00:46]} 27. Kf2 {[%emt 0:03:08]} Rdc8 {[%emt 0:01:50]} 28. Ne2 {[%emt 0:01:53]} a5 {[%emt 0:02:46]} 29. Ke3 {[%emt 0:01:50]} b4 {[%emt 0:05:22]} 30. Kd2 {[%emt 0:04:00]} Bf5 {[%emt 0:03:15]} 31. g3 {[%emt 0:03:00]} bxc3+ {[%emt 0:01:43]} 32. Rxc3 {[%emt 0:00:55]} Rxc3 {[%emt 0:00:14]} 33. Nxc3 {[%emt 0:00:07]} d4 {[%emt 0:00:11]} 34. Ne4 {[%emt 0:00:48]} Bxe4 {[%emt 0:00:46]} 35. fxe4 {[%emt 0:00:04]} Rc3 {[%emt 0:00:16]} 36. Rg1 {[%emt 0:00:46]} Re3 {[%emt 0:00:46]} 37. Rc1 {[%emt 0:00:44]} Rxg3 {[%emt 0:00:42]} 0-1